| 000 | 00644nam a22002657a 4500 | ||
|---|---|---|---|
| 005 | 20231011113415.0 | ||
| 008 | 190226b xxu||||| |||| 00| 0 spa d | ||
| 020 | _a9789687926056 | ||
| 041 | _aspa | ||
| 082 | _a155.23 H557j | ||
| 100 |
_aHernández, Bertha C. _952455 |
||
| 245 | _aJóvenes de éxito: programa de superación | ||
| 260 | _aMéxico | ||
| 260 | _bIBALPE | ||
| 260 | _c1998 | ||
| 300 | _a215 páginas | ||
| 650 | _aPERSONALIDAD | ||
| 650 | _aPLAN DE VIDA | ||
| 650 | _aDROGADICCIÓN | ||
| 650 | _aALCOHOLISMO | ||
| 650 | _aSIDA | ||
| 650 | _aDIVORCIO | ||
| 650 | _aSEXUALIDAD | ||
| 942 |
_cLIT _2ddc |
||
| 999 |
_c11679 _d11679 |
||